00499nam a2200169 a 4500008004100000020002200041100002600063245007300089260003700162300002300199504002000222504004100242700001900283003000100302005001700303040000900320  a0669144924 (pbk.)1 aHenderson, J. Vernon 10aPrinciples of microeconomics/cJ. Vernon Henderson and William Poole aLexington :bD.C. Heath ,cc1991 axxx,630p. ;c26cm. aIncludes index. aIncludes bibliographical references. aPoole, William20230123134000.0 cNUST